logo

Bir Sreshtho Munshi Abdur Rouf Library
Jhenaidah Cadet College

College reading. (Record no. 5713)

MARC details
000 -LEADER
fixed length control field 00864pam a2200301 a 4500
001 - CONTROL NUMBER
JCCL Control Number 5713
003 - CONTROL NUMBER IDENTIFIER
JCCL marc code BD-JhCC
005 - DATE AND TIME OF LATEST TRANSACTION
control field 20171220114001.0
008 - FIXED-LENGTH DATA ELEMENTS--GENERAL INFORMATION
fixed length control field 850909s1986 caua 000 0 eng
020 ## - INTERNATIONAL STANDARD BOOK NUMBER
International Standard Book Number 0534058388 (pbk.) :
Terms of availability $9.95
035 ## - SYSTEM CONTROL NUMBER
system control number (BD-JhCC)5713
040 ## - CATALOGING SOURCE
Original cataloging agency DLC
Transcribing agency DLC
Modifying agency DLC
-- BD-JhCC
041 ## - LANGUAGE CODE
Language code of Book eng
050 00 - LIBRARY OF CONGRESS CALL NUMBER
Classification number PE1122
Item number .C572 1986
082 00 - DEWEY DECIMAL CLASSIFICATION NUMBER
Classification number 428.6
DDC Edition number 19
Author mark and Year COL 1986
245 00 - TITLE STATEMENT
Title College reading.
Name of part/section of a work Book 2 /
Statement of responsibility, etc [compiled by] Janet Maker, Minnette Lenier.
250 ## - EDITION STATEMENT
Edition statement 2nd ed.
260 ## - PUBLICATION, DISTRIBUTION, ETC. (IMPRINT)
Place of publication, distribution, etc Belmont, Calif. :
Name of publisher, distributor, etc Wadsworth Pub. Co.,
Date of publication, distribution, etc c1986.
300 ## - PHYSICAL DESCRIPTION
Pagination xv, 399 p. :
Other physical details ill. ;
Dimensions 24 cm.
500 ## - GENERAL NOTE
General note Spine title: College reading 2.
650 #0 - SUBJECT ADDED ENTRY--TOPICAL TERM
Topical term or geographic name as entry element College readers.
650 #0 - SUBJECT ADDED ENTRY--TOPICAL TERM
Topical term or geographic name as entry element Reading (Higher education)
700 1# - ADDED ENTRY--PERSONAL NAME
Personal name Maker, Janet.
700 1# - ADDED ENTRY--PERSONAL NAME
Personal name Lenier, Minnette.
740 0# -
Uncontrolled related/analytical title College reading 2.
942 ## - ADDED ENTRY ELEMENTS (KOHA)
Source of classification or shelving scheme Dewey Decimal Classification
Koha item type Books
Holdings
Source of classification or shelving scheme Damaged status Not for loan Home library Current library Shelving location Date of accession Total Checkouts Full call number Barcode Date last seen Copy number Koha item type
Dewey Decimal Classification     JCC Rouf Library JCC Rouf Library General Stacks 12/20/2017   428.6 COL 1986 7037 12/20/2017 C - 1 Books

JCC Library | Contacts | JCC Home

Last Update on 23 September 2017
Copyright @ 2017-2020 JCC Rouf Library
Rouf Library, Jhenidah Cadet College (JCC), Bangladesh